00623 2200229 4500001002100000005001700021008004100038035002400079082001000103090001700113100002200130245006000152260002600212300002500238500002700263650003400290700002100324850001200345980001500357985000600372999001500378YOGYA-0209000005945720090227034635.0 ind  0010-020900000059457 a823.8 a823.8bGro D aGROSSMITH, george aThe diary of anobodycGeorge grossmith;weedon grossmith aLondonbCollinsc1955 a255 hlmbilusc18 cm aBibliografi : hlm. 255 aKesusastraan Inggris - Cerita aGrossmith,weedon aYOPDYOG a05-08-2008 a1 ab000004899